|
|
|
|
| LEADER |
00917nam a2200253 a 4500 |
| 001 |
4965699 |
| 008 |
120103s1998 ii a 001 0 eng d |
| 010 |
|
|
|a 97067762
|
| 020 |
|
|
|a 8170299624
|
| 020 |
|
|
|a 0782120997
|
| 040 |
|
|
|a DLC
|c DLC
|d DLC
|d BD-DhAAL
|
| 082 |
0 |
0 |
|a 004.6/8
|2 21
|
| 100 |
1 |
|
|a Thomas, Robert M.
|
| 245 |
1 |
0 |
|a Introduction to local area networks /
|c Robert M. Thomas.
|
| 250 |
|
|
|a 2nd ed.
|
| 260 |
|
|
|a New Delhi :
|b BPB Publications,
|c 1998.
|
| 300 |
|
|
|a xxi, 488 p. :
|b ill. ;
|c 23 cm.
|
| 500 |
|
|
|a Includes index.
|
| 541 |
1 |
|
|e 00012375
|
| 650 |
|
0 |
|a Local area networks (Computer networks)
|
| 650 |
|
0 |
|a Business communication.
|
| 852 |
1 |
|
|a Ayesha Abed library
|c General Shelf
|
| 999 |
|
|
|c 11717
|d 11717
|
| 952 |
|
|
|0 0
|1 0
|2 ddc
|4 0
|6 004_680000000000000_THO
|7 0
|9 19057
|a BRACUL
|b BRACUL
|c GEN
|d 2012-01-04
|l 2
|m 3
|o 004.68 THO
|p 3010012375
|r 2024-02-20
|s 2024-01-28
|t 1
|w 2012-01-04
|y BK
|x Price not available in Register
|